<?xml version='1.0' encoding='UTF-8'?>
  <record xmlns="http://www.loc.gov/MARC21/slim">
    <leader>00000cam a22000007i 4500</leader>
    <controlfield tag="001">ocm65983459</controlfield>
    <controlfield tag="003">OCoLC</controlfield>
    <controlfield tag="005">20251028015820.3</controlfield>
    <controlfield tag="008">930601s1724    ne            000 0 dut d</controlfield>
    <datafield tag="040" ind1=" " ind2=" ">
      <subfield code="a">NLGGC</subfield>
      <subfield code="b">dut</subfield>
      <subfield code="e">fobidrtb</subfield>
      <subfield code="c">NLGGC</subfield>
      <subfield code="d">QGJ</subfield>
      <subfield code="d">OCLCQ</subfield>
      <subfield code="d">OCLCA</subfield>
      <subfield code="d">OCLCL</subfield>
      <subfield code="d">OCLCQ</subfield>
      <subfield code="d">OCLCL</subfield>
      <subfield code="d">OCLCA</subfield>
    </datafield>
    <datafield tag="029" ind1="0" ind2=" ">
      <subfield code="a">NLGGC</subfield>
      <subfield code="b">107847671</subfield>
    </datafield>
    <datafield tag="035" ind1=" " ind2=" ">
      <subfield code="a">(OCoLC)65983459</subfield>
    </datafield>
    <datafield tag="041" ind1="1" ind2=" ">
      <subfield code="a">dut</subfield>
      <subfield code="h">lat</subfield>
    </datafield>
    <datafield tag="082" ind1="0" ind2="4">
      <subfield code="a">096.1</subfield>
      <subfield code="q">OCoLC</subfield>
      <subfield code="2">19/eng/20230216</subfield>
      <subfield code="1">https://id.oclc.org/worldcat/ddc/E3FHQrf6rqQq3f3wd3vjWxFkbG</subfield>
    </datafield>
    <datafield tag="084" ind1=" " ind2=" ">
      <subfield code="a">18.11</subfield>
      <subfield code="2">bcl</subfield>
    </datafield>
    <datafield tag="100" ind1="1" ind2=" ">
      <subfield code="a">Hugo, Herman,</subfield>
      <subfield code="c">Jezui͏̈et,</subfield>
      <subfield code="d">1588-1629.</subfield>
    </datafield>
    <datafield tag="245" ind1="1" ind2="3">
      <subfield code="a">De godlievende ziel vertoont in zinnebeelden /</subfield>
      <subfield code="c">door Herman Hugo en Otto van Veen ; met dichtkunstige verklaringen van Jan Suderman.</subfield>
    </datafield>
    <datafield tag="246" ind1="3" ind2=" ">
      <subfield code="a">Zinnebeelden van Otho van Veen op de Gode geheiligde liefde</subfield>
    </datafield>
    <datafield tag="246" ind1="3" ind2=" ">
      <subfield code="a">Zinnebeelden over de godtvruchtige aandachten</subfield>
    </datafield>
    <datafield tag="260" ind1=" " ind2=" ">
      <subfield code="a">T'Amsterdam :</subfield>
      <subfield code="b">by Henrik Wetstein. En zyn te bekomen by Marten Schagen#op den Nieuwendyk, op den hoek van de Mandemaker-steegh#,</subfield>
      <subfield code="c">1724.</subfield>
    </datafield>
    <datafield tag="300" ind1=" " ind2=" ">
      <subfield code="a">[8], 116, [4] bl. :</subfield>
      <subfield code="b">ill. ;</subfield>
      <subfield code="c">in-8.</subfield>
    </datafield>
    <datafield tag="336" ind1=" " ind2=" ">
      <subfield code="a">tekst</subfield>
      <subfield code="b">txt</subfield>
      <subfield code="2">rdacontent/dut</subfield>
    </datafield>
    <datafield tag="337" ind1=" " ind2=" ">
      <subfield code="a">zonder medium</subfield>
      <subfield code="b">n</subfield>
      <subfield code="2">rdamedia/dut</subfield>
    </datafield>
    <datafield tag="338" ind1=" " ind2=" ">
      <subfield code="a">band</subfield>
      <subfield code="b">nc</subfield>
      <subfield code="2">rdacarrier/dut</subfield>
    </datafield>
    <datafield tag="500" ind1=" " ind2=" ">
      <subfield code="a">* 8 (*6 + [pi]1) A-O 4 P 2 Q 4 (-*2; Q4 blanco).</subfield>
    </datafield>
    <datafield tag="500" ind1=" " ind2=" ">
      <subfield code="a">Het 1e stuk met gegrav. titelbl. (geplaatst na de voorrede) met adres van Hendrik Wetstein te Amsterdam en afwijk. titel: "Zinnebeelden over de godtvruchtige aandachten van Herman Hugo"; hierachter nog een blad met typogr. titel: "De zinnebeelden der godgewyde zielzuchten van Herman Hugo ..."; typogr. titel v.h. 2e stk: De zinnebeelden van Otho van Veen op de Gode geheiligde liefde ..</subfield>
    </datafield>
    <datafield tag="500" ind1=" " ind2=" ">
      <subfield code="a">Deze series zijn ontleend aan resp. Hugo's "Pia desideria" en Van Veen's "Amoris divini emblemata"</subfield>
    </datafield>
    <datafield tag="500" ind1=" " ind2=" ">
      <subfield code="a">Met 105 platen (genumm. 1-45 en 1-60) buiten de tekst, door J. Smit.</subfield>
    </datafield>
    <datafield tag="510" ind1="0" ind2=" ">
      <subfield code="a">Landwehr (Emblem &amp; fable bks) 771. Vgl. Praz p.376-379 en De Backer/Sommervogel IV, col.518</subfield>
    </datafield>
    <datafield tag="655" ind1=" " ind2="7">
      <subfield code="a">Emblemata (teksten)</subfield>
      <subfield code="2">gtt</subfield>
      <subfield code="0">(NL-LeOCL)112192130</subfield>
    </datafield>
    <datafield tag="700" ind1="1" ind2=" ">
      <subfield code="a">Veen, Otto van,</subfield>
      <subfield code="d">1556-1629</subfield>
      <subfield code="1">https://id.oclc.org/worldcat/entity/E39PBJmDmjfBKvmGBRdptJWMT3</subfield>
    </datafield>
    <datafield tag="700" ind1="1" ind2=" ">
      <subfield code="a">Suderman, Jan,</subfield>
      <subfield code="d">1680-na 1723.</subfield>
      <subfield code="1">https://id.oclc.org/worldcat/entity/E39PCjCMqvgGBJJbmGPdRdF8yd</subfield>
    </datafield>
    <datafield tag="710" ind1="0" ind2=" ">
      <subfield code="a">Wetstein, Henricus (Amsterdam)</subfield>
      <subfield code="4">prt</subfield>
      <subfield code="0">(NL-LeOCL)077133153</subfield>
    </datafield>
    <datafield tag="710" ind1="0" ind2=" ">
      <subfield code="a">Schagen, Marten (Amsterdam)</subfield>
      <subfield code="4">prt</subfield>
      <subfield code="0">(NL-LeOCL)077171330</subfield>
    </datafield>
    <datafield tag="758" ind1=" " ind2=" ">
      <subfield code="a">De godlievende ziel vertoont in zinnebeelden (Text)</subfield>
      <subfield code="1">https://id.oclc.org/worldcat/entity/E39PCGB7xhYy33dW7vRwGWg9Xd</subfield>
      <subfield code="4">https://id.oclc.org/worldcat/ontology/hasWork</subfield>
    </datafield>
    <datafield tag="776" ind1="0" ind2=" ">
      <subfield code="t">De godlievende ziel vertoont in zinnebeelden</subfield>
      <subfield code="w">(NL-LeOCL)393481751</subfield>
    </datafield>
    <datafield tag="776" ind1="0" ind2=" ">
      <subfield code="t">De godlievende ziel vertoont in zinnebeelden</subfield>
      <subfield code="w">(NL-LeOCL)408369833</subfield>
    </datafield>
    <datafield tag="936" ind1=" " ind2=" ">
      <subfield code="a">BATCHLOAD</subfield>
    </datafield>
  </record>